|
|
|
|
| LEADER |
00000cab a2200000 a 4500 |
| 001 |
041436 |
| 003 |
UAHC_CL |
| 005 |
20180611121736.0 |
| 008 |
051228b xx j 000 1 spa |
| 952 |
|
|
|0 0
|1 0
|4 0
|6 REV___PSICOL__SOC_03_06_000000000000000
|7 0
|8 General
|9 77767
|a BC
|b BC
|c General
|d 2017-08-03
|l 0
|o REV. PSICOL. SOC.-03/06
|p FICTICIO6906
|r 2019-01-08 00:00:00
|t 1
|w 2017-08-03
|y REVA
|
| 999 |
|
|
|c 41436
|d 41436
|
| 040 |
|
|
|a UAHC_CL
|c UAHC_CL
|d UAHC_CL
|
| 100 |
1 |
|
|a Ortiz, Mercedes
|
| 245 |
1 |
0 |
|a ¿Puede la valencia estimular alterar la asociación entre conceptos en el IAT? /
|c Mercedes Ortiz y Marcos Ruiz.
|
| 500 |
|
|
|a Revista de Psicología Social (España) 2006, vol 21 (3). p. 211-222
|
| 520 |
|
|
|a El Implicit Association Test (IAT; Greenwald, McGhee y Schwartz, 1998) es una técnica que pretende medir fuerza asociativa entre conceptos. Sin embargo, la valencia estimular utilizada puede alterar la magnitud o incluso el sentido de esta fuerza asociativa. En este trabajo, tras un balance de las aportaciones previas, se realizó un experimento con la Intensidad Actitudinal y la Valencia Estimular como variables, obteniéndose evidencia empírica de la influencia progresiva de la valencia independientemente de la fuerza asociativa entre conceptos. De esta manera, y sorprendentemente, se consigue una mayor preferencia por el exogrupo antes que por el endogrupo.
|
| 700 |
1 |
|
|a Ruiz, Marcos
|
| 773 |
0 |
|
|t Revista de sociología
|w 041937
|
| 900 |
|
|
|a REV. PSICOL. SOC.-03/06
|
| 942 |
|
|
|c REVA
|2 ddc
|